|
|
|
|
| LEADER |
01249Cam#a22003375a#4500 |
| 001 |
022498 |
| 005 |
20160721160237.0 |
| 008 |
110311e2002####fr#b#####b####001#0#fre#d |
| 020 |
|
|
|a 9789876290869
|
| 040 |
|
|
|a AR-beUNQ
|
| 082 |
0 |
4 |
|a 944.06
|2 21
|
| 100 |
1 |
|
|a Agulhon, Maurice
|
| 245 |
0 |
3 |
|a El círculo burgués ;
|b seguido de una pequeña autobiografía intelectual /
|c Maurice Agulhon.
|
| 246 |
3 |
4 |
|a Círculo burgués :
|b la sociabilidad en Francia, 1810-1848
|
| 260 |
|
|
|a Buenos Aires :
|b Siglo Veintiuno,
|c c2009.
|
| 300 |
|
|
|a 207 p ;
|c 21 cm.
|
| 490 |
1 |
|
|a Historia y cultura
|
| 500 |
|
|
|a raducción de: Le cercle dans la France bourgeoise 1810-1848. Etude d' une mutation de sociabilité, c1977.
|
| 504 |
|
|
|a Notas: p. 187-207.
|
| 504 |
|
|
|a Fuentes y referencias: p. 156-161.
|
| 648 |
|
4 |
|a Siglo XIX
|
| 650 |
|
7 |
|a Historia contemporánea
|2 Spines
|
| 650 |
|
7 |
|a Política
|2 Spines
|
| 650 |
|
7 |
|a Socialismo
|2 Spines
|
| 650 |
|
7 |
|a Sistemas políticos
|2 Spines
|
| 651 |
|
7 |
|a Francia
|2 Spines
|
| 653 |
|
|
|a Monarquía
|
| 830 |
|
0 |
|a Historia y Cultura (Siglo Veintiuno).
|
| 929 |
|
|
|a DONACION
|b Proveniente de: Dirección del Departamento de Ciencias Sociales
|d 0
|e 20110223
|f PAT0036783
|g P146
|j 46023
|
| 942 |
|
|
|c LIB
|n 0
|
| 999 |
|
|
|c 21562
|d 96949
|